College Quizbowl Stats
College Quizbowl Stats
Circuits
Seasons
Sets
Records
Detailed Stats
About
Loading...
2023 ARCADIA at UC Berkeley
Tossups
Bonuses
Players
Teams
Categories (Tossup)
Categories (Bonus)
Terry Tang
UC Berkeley C
Categories
Category
Powers
Gets
Negs
BBs
Points
Earliest Buzz
Avg. Buzz
First Buzzes
Top 3 Buzzes
History - World History
1
1
1
0
20
66
91.00
1
2
Beliefs
0
1
0
1
10
143
143.00
0
1
Other Arts: Visual
0
1
0
0
10
106
106.00
1
1
0
1
1
0
5
78
78.00
1
1
Buzzes
Category
Answer
Value
Buzz Position
History - World History
Alexander the Great
-5
54
History - World History
Umayyad Caliphate
15
66
mercury
10
78
Catherine
-5
93
Other Arts: Visual
Saint Sophia
10
106
History - World History
Shah Jahan
10
116
Beliefs
Apollo
10
143
Previous
1
Next